[Event "Politiken Cup"]
[Site "Copenhagen DEN"]
[Date "2004.07.26"]
[Round "4"]
[White "Richards,H"]
[Black "Skjoldan,B"]
[Result "1-0"]
[WhiteElo "2219"]
[BlackElo "2080"]

1.e4 c5 2.c3 Nf6 3.e5 Nd5 4.Nf3 e6 5.d4 cxd4 6.cxd4 d6 7.a3 Nc6 8.Bd3 Qc7
9.O-O Be7 10.Qe2 a6 11.Bd2 b5 12.Nc3 Nxc3 13.Bxc3 Bb7 14.Rac1 O-O 15.Qe4 g6
16.Qg4 Rfd8 17.Bb1 Rac8 18.h4 Bf8 19.h5 Bg7 20.hxg6 hxg6 21.d5 exd5 22.e6 Bxc3
23.exf7+ Qxf7 24.Bxg6 Qd7 25.Bf5+ Qg7 26.Rxc3 Qxg4 27.Bxg4 Rb8 28.Be6+ Kg7
29.Bxd5 Ne7 30.Bxb7 Rxb7 31.Nd4 b4 32.Ne6+  1-0

[Event "12th Open"]
[Site "St Affrique FRA"]
[Date "2004.07.26"]
[Round "4"]
[White "Meijers,V"]
[Black "Carmeille,L"]
[Result "1-0"]
[WhiteElo "2487"]
[BlackElo "2232"]

1.e4 c5 2.c3 Nf6 3.e5 Nd5 4.d4 cxd4 5.Nf3 Nc6 6.cxd4 d6 7.Bc4 Nb6 8.Bb3 d5
9.O-O Bg4 10.Be3 e6 11.Nc3 Be7 12.Ne2 Bxf3 13.gxf3 Qd7 14.a3 f6 15.f4 f5
16.Ba2 a5 17.Qd3 Na7 18.Rfc1 O-O 19.Bd2 a4 20.Ba5 Nac8 21.Bb4 Bxb4 22.axb4 Na7
23.Rc5 Rfc8 24.Rac1 Qd8 25.b3 axb3 26.Bxb3 Nd7 27.Rxc8 Rxc8 28.Ra1 Qb6 29.Nc3 Nc6
30.Bxd5 exd5 31.Nxd5 Qd8 32.b5 Nf8 33.Qb3 Kh8 34.bxc6 bxc6 35.Ne3 Qxd4 36.Ra4 Qd7
37.Qc2 g6 38.Nc4 Rb8 39.Nd6 Ne6 40.Qa2 Qe7 41.Ra7 Rb1+ 42.Kg2 Nxf4+ 43.Kf3 Rb3+
44.Qxb3 Qxa7 45.Kxf4 h6 46.Kf3 h5 47.h4 Qa1 48.Kg2  1-0

[Event "Open Dutch Champ"]
[Site "Dieren NED"]
[Date "2004.07.27"]
[Round "1"]
[White "Lemmers,O"]
[Black "Rothuis,V"]
[Result "1/2-1/2"]
[WhiteElo "2396"]
[BlackElo "2137"]

1.e4 c5 2.c3 Nf6 3.e5 Nd5 4.Nf3 e6 5.Bc4 d6 6.d4 cxd4 7.cxd4 Nb6 8.Bd3 Nc6
9.O-O dxe5 10.dxe5 Nb4 11.Be4 Qxd1 12.Rxd1 N4d5 13.a4 Bd7 14.a5 Na4 15.Bxd5 exd5
16.Rxd5 Bc6 17.Rd1 Nc5 18.Be3 Nb3 19.Ra2 Bb4 20.a6 b6 21.Nd4 O-O-O 22.Nc3 Nxd4
23.Bxd4 Rd7 24.Rc1 Rxd4 25.Nb5 Rd1+ 26.Rxd1 Bxb5 27.Raa1 Kb8 28.Rd5 Bc6  1/2-1/2

[Event "Open Dutch Champ"]
[Site "Dieren NED"]
[Date "2004.07.27"]
[Round "1"]
[White "Zimmerman,L"]
[Black "Brandenburg,D"]
[Result "1-0"]
[WhiteElo "2114"]
[BlackElo "2291"]

1.e4 c5 2.c3 Nf6 3.e5 Nd5 4.d4 cxd4 5.Nf3 e6 6.cxd4 b6 7.Bc4 Bb7 8.O-O Be7
9.Bxd5 Bxd5 10.Nc3 Bb7 11.d5 Bb4 12.Bg5 f6 13.exf6 gxf6 14.Ne5 O-O 15.Bh6 Qe7
16.Qg4+ Kh8 17.Bxf8 Qxf8 18.Nf7+ Qxf7 19.Qxb4 Na6 20.Qf4 Rg8 21.Rad1 e5 22.Qd2 Qg6
23.f4 Nc7 24.fxe5 fxe5 25.Rf3 Qh5 26.Qe3 Ne6 27.Ne2 d6 28.Ng3 Rxg3 29.hxg3 Ng5
30.Rff1 Kg7 31.Qf2 Nf7 32.Qf6+ Kg8 33.g4 Qg6 34.Qxg6+ hxg6 35.Kf2 Nh6 36.Kg3 Kg7
37.Rf2 Bc8 38.Rc1 Bxg4 39.Rc7+ Kg8 40.Rxa7 Bf5 41.Rb7 Be4 42.Rxb6 Nf5+ 43.Rxf5  1-0

[Event "7th Open"]
[Site "Korinthos GRE"]
[Date "2004.07.27"]
[Round "7"]
[White "Vysochin,S"]
[Black "Logothetis,S"]
[Result "1-0"]
[WhiteElo "2599"]
[BlackElo "2233"]

1.e4 c5 2.c3 Nf6 3.e5 Nd5 4.Nf3 e6 5.d4 cxd4 6.cxd4 d6 7.Bc4 Nb6 8.Bb3 dxe5
9.dxe5 N8d7 10.Qe2 Nc5 11.Bc2 Nd5 12.O-O Be7 13.Rd1 Bd7 14.Nbd2 Ba4 15.Bxa4+ Nxa4
16.Qc4 Nc5 17.b4 Nd7 18.Qg4 g6 19.Ne4 h5 20.Qh3 Qc7 21.Nd6+ Bxd6 22.exd6 Qxd6
23.Bb2 Rg8 24.Ng5 Qe7 25.Qg3 Qxb4 26.Rxd5 Qxb2 27.Re1 Qb4 28.Rdd1 Qg4 29.Qc7 Qxg5
30.Rxd7 Qf6 31.Qxb7 Rd8 32.Rxd8+ Qxd8 33.Rc1 Kf8 34.Rc8 Kg7 35.Qb2+ Kh7 36.Rxd8 Rxd8
37.g4 hxg4 38.Qf6  1-0

[Event "Mark Pinto IM"]
[Site "San Francisco USA"]
[Date "2004.07.27"]
[Round "7"]
[White "Sevillano,E"]
[Black "Aigner,M USA"]
[Result "1/2-1/2"]
[WhiteElo "2464"]
[BlackElo "2224"]

1.e4 c5 2.c3 Nf6 3.e5 Nd5 4.d4 cxd4 5.Nf3 Nc6 6.Bc4 Nb6 7.Bb3 d5 8.exd6 Qxd6
9.O-O Be6 10.Bxe6 Qxe6 11.Nxd4 Nxd4 12.Qxd4 Rd8 13.Qh4 Qe2 14.Nd2 h5 15.a4 Qg4
16.Qxg4 hxg4 17.a5 Nd7 18.a6 b6 19.Nc4 e6 20.Bf4 Rh5 21.Rfd1 Rc5 22.Ne3 f5
23.Rd2 Rcc8 24.Re1 Kf7 25.Red1 Ke8 26.Re1 Kf7 27.Bg5 Nf6 28.Rxd8 Rxd8 29.Nc4 Rc8
30.Ne5+ Ke8 31.Rd1 Ne4 32.Be3 Bd6 33.Nxg4 Rd8 34.Rd4 Nc5 35.Bg5 Rd7 36.Ne3 Nxa6
37.g4 fxg4 38.Rxg4 Nc5 39.Nc4 Bc7 40.Be3 Nd3 41.b4 b5 42.Na3 a6 43.Nc2 Kf7
44.Nd4 Bb6 45.Rg3 Ne5 46.Nf3 Rd1+ 47.Kg2 Nc4 48.Ng5+ Ke7 49.Bxb6 Nxb6 50.Ne4 Kf7
51.Rf3+ Ke7 52.Ng5 Rd7 53.Ne4 Nd5 54.Kg3 Rc7 55.Rd3 Rc4 56.f3 Nf6 57.Nd2 Nh5+
58.Kf2 Rh4 59.Kg1 Nf4 60.Re3 Nd5 61.Rd3 Nf4 62.Re3 Nd5 63.Rd3 Nf4  1/2-1/2

[Event "Politiken Cup"]
[Site "Copenhagen DEN"]
[Date "2004.07.29"]
[Round "7"]
[White "Andersson,C"]
[Black "Taksrud,V"]
[Result "0-1"]
[WhiteElo "2196"]
[BlackElo "1954"]

1.e4 c5 2.c3 Nf6 3.e5 Nd5 4.d4 cxd4 5.Qxd4 e6 6.Nf3 Nc6 7.Qe4 f5 8.exf6 Nxf6
9.Qh4 Be7 10.Bd3 Qc7 11.O-O Ne5 12.Nxe5 Qxe5 13.Bg5 h6 14.Bf4 g5 15.Bxe5 gxh4
16.Na3 Bxa3 17.Bxf6 O-O 18.bxa3 Rxf6 19.Rab1 b6 20.Rb4 h3 21.Rg4+ Kf7 22.gxh3 Bb7
23.f4 Rc8 24.c4 Rc5 25.h4 Ra5 26.Rg3 Rxa3 27.Rf2 Ra5 28.Kf1 Rc5 29.f5 e5
30.Be2 e4 31.Bh5+ Kf8 32.Bg6 Rxc4 33.Rd2 d5 34.Ra3 a5 35.Ke2 d4 36.Rb2 Ba6
37.Kf2 Rc1 38.Kg3 Rc3+ 39.Rxc3 dxc3 40.Rc2 Rc6 41.Kf4 Bd3 42.Rc1 Ke7 43.Ke5 c2
44.Kd4 Kf6 45.Bh7 Rc4+ 46.Ke3 Rb4 47.h5 Rb1 48.Kd2 e3+  0-1

[Event "Open Dutch Champ"]
[Site "Dieren NED"]
[Date "2004.07.29"]
[Round "3"]
[White "De Kleuver,E"]
[Black "Veltman,J"]
[Result "1/2-1/2"]
[WhiteElo "2144"]
[BlackElo "2053"]

1.e4 c5 2.c3 Nf6 3.e5 Nd5 4.d4 cxd4 5.Nf3 Nc6 6.Bc4 Nb6 7.Bb3 d5 8.exd6 Qxd6
9.O-O Be6 10.Na3 dxc3 11.Qe2 Bxb3 12.axb3 e5 13.Nb5 Qb8 14.bxc3 Be7 15.Rd1 O-O  1/2-1/2

[Event "Liepajas Rokade"]
[Site "Liepaya LAT"]
[Date "2004.07.30"]
[Round "1"]
[White "Sveshnikov,E"]
[Black "Kulaots,K"]
[Result "0-1"]
[WhiteElo "2508"]
[BlackElo "2593"]

1.e4 c5 2.c3 Nf6 3.e5 Nd5 4.Nf3 Nc6 5.Bc4 Nb6 6.Bb3 d5 7.exd6 Qxd6 8.Na3 Be6
9.O-O Bxb3 10.axb3 Qd3 11.Re1 e6 12.Re3 Qd7 13.Nc4 Nd5 14.Re1 Be7 15.Nce5 Nxe5
16.Nxe5 Qc7 17.b4 cxb4 18.Qa4+ Kf8 19.c4 Nb6 20.Qa5 f6 21.Nf3 Kf7 22.Qh5+ g6
23.Qh3 Qxc4 24.d3 Qc8 25.Ra5 h5 26.Bd2 e5 27.Raxe5 fxe5 28.Nxe5+ Kg7 29.Qg3 Qf5
30.Nxg6 Bf6 31.Nh4+ Qg4 32.Qc7+ Qd7 33.Qg3+ Qg4 34.Qc7+ Kg8 35.Nf3 Rh7 36.Qd6 Rg7
37.Kf1 Qxg2+ 38.Ke2 Re8+ 39.Be3 Rxe3+ 40.Kxe3 Re7+ 41.Kd2 Qxf2+  0-1

[Event "Liepajas Rokade"]
[Site "Liepaya LAT"]
[Date "2004.07.30"]
[Round "1"]
[White "Sveshnikov,V"]
[Black "Van Wely,L"]
[Result "0-1"]
[WhiteElo "2186"]
[BlackElo "2680"]

1.e4 c5 2.c3 Nf6 3.e5 Nd5 4.Nf3 Nc6 5.d4 cxd4 6.cxd4 d6 7.Bc4 Nb6 8.Bb5 dxe5
9.Nxe5 Bd7 10.Nc3 Nxe5 11.dxe5 e6 12.O-O Bxb5 13.Nxb5 a6 14.Nd4 Qd5 15.Nf3 Qxd1
16.Rxd1 Bc5 17.a3 Nd5 18.b4 Be7 19.Bg5 h6 20.Bxe7 Kxe7 21.Kf1 Rhc8 22.Rac1 Kd7
23.g3 Rxc1 24.Rxc1 a5 25.b5 Rc8 26.Rxc8 Kxc8 27.Nd4 Kc7 28.Ke2 Kb6 29.Kd3 Kc5
30.f4 g6 31.h4 h5 32.Nf3 Kxb5 33.Ng5 Ka4 34.Nxf7 Kxa3 35.Kc4 a4 36.Nd6 Kb2
37.Nxb7 a3 38.Nc5 a2 39.Nb3 Ne3+ 40.Kb4 Nf5  0-1

[Event "Liepajas Rokade"]
[Site "Liepaya LAT"]
[Date "2004.07.30"]
[Round "3"]
[White "Sveshnikov,V"]
[Black "Kveinys,A"]
[Result "1/2-1/2"]
[WhiteElo "2186"]
[BlackElo "2565"]

1.e4 c5 2.c3 Nf6 3.e5 Nd5 4.Nf3 d6 5.d4 cxd4 6.Qxd4 e6 7.Nbd2 Nc6 8.Bb5 Bd7
9.Bxc6 Bxc6 10.O-O Qb6 11.Nc4 Qxd4 12.Nxd4 dxe5 13.Nxc6 bxc6 14.Nxe5 Rc8
15.c4 Nb4 16.Bd2 f6 17.Bxb4 Bxb4 18.Nd3 Bd6 19.f4 Kf7 20.Rad1 Rhd8 21.g3 Be7
22.Kg2 Rc7 23.Kf3 Rcd7 24.Ke2 Rd4 25.b3 h5 26.Nf2 Bc5 27.Rxd4 Rxd4 28.Rd1 Rxd1
29.Nxd1 Bd4 30.h3 f5 31.a3 Kf6 32.Ne3 Bb2 33.Nc2 a5 34.b4 axb4 35.axb4 Ke7
36.Kd3 e5 37.fxe5 Bxe5 38.Ne3 Kf6 39.Nf1  1/2-1/2

[Event "Politiken Cup"]
[Site "Copenhagen DEN"]
[Date "2004.07.31"]
[Round "9"]
[White "Buchkremer,F"]
[Black "Holm,S"]
[Result "0-1"]
[WhiteElo "2046"]
[BlackElo "2296"]

1.e4 c5 2.c3 Nf6 3.e5 Nd5 4.d4 cxd4 5.Nf3 Nc6 6.Bc4 Nb6 7.Bb3 d5 8.exd6 Qxd6
9.O-O Be6 10.Na3 Bxb3 11.Qxb3 Qd5 12.Rd1 Qxb3 13.axb3 O-O-O 14.Ng5 dxc3 15.Rxd8+ Nxd8
16.Nb5 a6 17.Nxc3 h6 18.Nf3 Nc6 19.Be3 Nd7 20.Rc1 e5 21.Nd5 Bd6 22.Nd2 Re8
23.Nc4 Bc7 24.b4 Re6 25.b5 axb5 26.Na3 b4 27.Nb5 Ba5 28.Ra1 Ndb8 29.Bb6 Bxb6
30.Nxb6+ Kd8 31.Rd1+ Nd4 32.Nxd4 exd4 33.Rxd4+ Ke8  0-1

[Event "Open Dutch Champ"]
[Site "Dieren NED"]
[Date "2004.07.31"]
[Round "5"]
[White "De Kleuver,E"]
[Black "Burg,T"]
[Result "1-0"]
[WhiteElo "2144"]
[BlackElo "2062"]

1.e4 c5 2.c3 Nf6 3.e5 Nd5 4.d4 cxd4 5.Nf3 e6 6.cxd4 b6 7.Nc3 Nxc3 8.bxc3 Qc7
9.Be2 Bb7 10.O-O d6 11.Bf4 Nd7 12.Qb3 dxe5 13.Nxe5 Nxe5 14.Bb5+ Bc6 15.Bxe5 Bd6
16.d5 Bxb5 17.Qxb5+ Qd7 18.Qxd7+ Kxd7 19.dxe6+ Kxe6 20.Bxg7 Rhc8 21.Rad1 Ba3
22.g4 Bd6 23.Rfe1+ Kd7 24.Be5 Rc6 25.Re3 Kc7 26.Rxd6 Rxd6 27.Rd3 Rd8 28.Rxd6 Rxd6
29.f4 Kc6 30.Bxd6 Kxd6 31.Kf2 Kd5 32.Ke3 Kc4 33.Kd2 Kd5 34.Kd3 b5 35.g5 Kc5
36.a3 Kd5 37.h4 f6 38.gxf6 Ke6 39.Ke4 Kxf6 40.f5 h6 41.Kf4 Kf7 42.Ke5 Ke7
43.f6+ Kf7 44.Kf5 a6 45.Ke5 Kf8 46.Ke6 Ke8 47.f7+ Kf8 48.Kf6 h5 49.Kg6 a5
50.Kxh5 Kg7 51.Kg5 a4 52.Kf5 b4 53.cxb4 Kh7 54.b5  1-0

[Event "2nd North Urals Cup"]
[Site "Krasnoturinsk RUS"]
[Date "2004.07.31"]
[Round "8"]
[White "Zhukova,N"]
[Black "Kursova,M"]
[Result "1-0"]
[WhiteElo "2475"]
[BlackElo "2334"]

1.e4 c5 2.c3 Nf6 3.e5 Nd5 4.Nf3 e6 5.Bc4 Nb6 6.Bb3 d6 7.exd6 Bxd6 8.O-O O-O
9.d4 cxd4 10.Nxd4 a6 11.Bc2 Nd5 12.Nd2 Qc7 13.N2f3 Nd7 14.Nf5 Bc5 15.Ne3 Nxe3
16.Bxe3 Bxe3 17.fxe3 Nf6 18.Qe1 Bd7 19.Qh4 h6 20.Nd4 Qe5 21.Rf3 Rfd8 22.Raf1 Qg5
23.Qe1 Bc6 24.Rg3 Qe5 25.Qf2 Kf8 26.e4 Be8 27.Nf3 Qa5 28.e5 Nd7 29.b4 Qc7
30.Nd4 Kg8 31.Re1 Nxe5 32.Qf4 Rd5 33.Bb3 Rad8 34.Rge3  1-0

[Event "Liepajas Rokade"]
[Site "Liepaya LAT"]
[Date "2004.07.31"]
[Round "10"]
[White "Sveshnikov,V"]
[Black "Neiksans,A"]
[Result "0-1"]
[WhiteElo "2186"]
[BlackElo "2440"]

1.e4 c5 2.c3 Nf6 3.e5 Nd5 4.Nf3 Nc6 5.d4 cxd4 6.cxd4 e6 7.Nc3 Nxc3 8.bxc3 d6
9.Bd3 Be7 10.O-O dxe5 11.dxe5 Qa5 12.Qe2 Bd7 13.Rb1 Qc7 14.Rd1 Rd8 15.Bf4 O-O
16.Qe4 g6 17.Bh6 Rfe8 18.h4 Bc8 19.h5 Rd5 20.c4 Ra5 21.Qf4 Nxe5 22.Ng5 Rc5
23.hxg6 fxg6 24.Ne4 Nxd3 25.Qxc7 Rxc7 26.Rxd3 Rxc4 27.f3 Rc2  0-1

[Event "Open"]
[Site "Charleroi BEL"]
[Date "2004.08.01"]
[Round "3"]
[White "Karpatchev,A"]
[Black "Houdart,D"]
[Result "1-0"]
[WhiteElo "2484"]
[BlackElo "2216"]

1.e4 c5 2.c3 Nf6 3.e5 Nd5 4.Nf3 e6 5.d4 cxd4 6.cxd4 d6 7.Bc4 Nb6 8.Bd3 Nc6
9.Bg5 Be7 10.Bxe7 Qxe7 11.Nc3 dxe5 12.dxe5 O-O 13.O-O Rd8 14.Qe2 Nd7 15.Rad1 Nf8
16.h4 Bd7 17.h5 h6 18.Bb1 Rac8 19.Ne4 Nb4 20.Nd6 Rc7 21.Nd4 Bc6 22.N4b5 Bxb5
23.Nxb5 Rxd1 24.Rxd1 Rc5 25.f4 Qh4 26.Rf1 Nd5 27.Nd6 Qg3 28.Ne4 Nxf4 29.Nxg3 Nxe2+
30.Nxe2 Rxe5 31.Nf4 Rb5 32.b3 e5 33.Ne2 Ne6 34.Bd3 Rd5 35.Bc4 Rd2 36.Bxe6 fxe6
37.Nc3 Rc2 38.Rf3 a6 39.a4 b6 40.Re3 Kf7 41.Ne4 Ke7 42.Rg3 Re2 43.Rxg7+ Kf8
44.Rg4 Re3 45.Nf6 Rxb3 46.Nd7+ Ke7 47.Nxe5 b5 48.a5 Ra3 49.Rg6 Kd6 50.Nf7+ Ke7
51.Nxh6 b4 52.Rg7+ Kf6 53.Rb7 Kg5 54.Nf7+ Kxh5 55.Rxb4 Rxa5 56.Rb6 Ra1+ 57.Kh2 a5
58.Rxe6 a4 59.Kh3  1-0

[Event "Politiken Cup"]
[Site "Copenhagen DEN"]
[Date "2004.08.01"]
[Round "10"]
[White "Rozentalis,E"]
[Black "Hansen,SuB"]
[Result "1/2-1/2"]
[WhiteElo "2619"]
[BlackElo "2552"]

1.e4 c5 2.c3 Nf6 3.e5 Nd5 4.Nf3 e6 5.Bc4 d6 6.d4 cxd4 7.cxd4 Nc6 8.O-O Be7
9.a3 O-O 10.Qe2 Qb6 11.Rd1 Na5 12.Nbd2 Nxc4 13.Nxc4 Qa6 14.Bg5 Bd7 15.Bxe7 Nxe7
16.exd6 Nf5 17.Nfe5 Ba4 18.Rd2 Bb5 19.a4 Bxc4 20.Qxc4 Qxd6 21.Rc1 Rfd8 22.Nf3 Ne7
23.Qb5 Rab8 24.Rdc2 h6 25.Rc7 a6 26.Qh5 Rdc8 27.Rxc8+ Rxc8 28.Rxc8+ Nxc8
29.Qc5 Qd8 30.Ne5  1/2-1/2

[Event "Politiken Cup"]
[Site "Copenhagen DEN"]
[Date "2004.08.01"]
[Round "10"]
[White "Engelbert,C"]
[Black "Ekeberg,C"]
[Result "1/2-1/2"]
[WhiteElo "2213"]
[BlackElo "2298"]

1.e4 c5 2.c3 Nf6 3.e5 Nd5 4.d4 cxd4 5.cxd4 d6 6.Nf3 Nc6 7.Bc4 e6 8.O-O Be7
9.Bd2 O-O 10.Nc3 Nb6 11.Bb5 Bd7 12.a3 dxe5 13.dxe5 Na5 14.Bxd7 Qxd7 15.Be3 Nac4
16.Bxb6 Nxb6 17.Qxd7 Nxd7 18.Rac1 Nb6 19.Ne2 Nd5 20.Rc2 Rac8 21.Rfc1 Rxc2
22.Rxc2 Rd8 23.g3 h6 24.Nfd4 Kh7 25.Rc1 Rd7 26.Kg2 Bd8 27.Nf3 Nb6 28.Rc2 a6
29.Rd2 Bc7 30.Rc2 Kg8 31.Rc3 Kf8 32.Nf4 Ke7 33.Nd3 Na4 34.Rc4 Rxd3 35.Rxc7+ Rd7
36.Rc2 Rd5 37.Rc7+ Rd7 38.Rc2 Kd8 39.Ne1 Rd1 40.Re2 Kc7 41.Rc2+ Kb8 42.Nf3 Rd5
43.Re2 Nb6 44.Rc2 Nd7 45.Re2 Kc7 46.Kf1 b5 47.Kg2 Kd8 48.h4 Kc7 49.Re4 Kd8  1/2-1/2

[Event "Open"]
[Site "Kavala GRE"]
[Date "2004.08.02"]
[Round "4"]
[White "Gamback,B"]
[Black "Kotronias,V"]
[Result "0-1"]
[WhiteElo "2193"]
[BlackElo "2608"]

1.e4 c5 2.c3 Nf6 3.e5 Nd5 4.d4 cxd4 5.Nf3 Nc6 6.cxd4 d6 7.Bc4 Nb6 8.Bb5 dxe5
9.Nxe5 Bd7 10.Nxd7 Qxd7 11.Nc3 e6 12.O-O Be7 13.Qg4 O-O 14.Bxc6 bxc6 15.Bh6 Bf6
16.Rfd1 Kh8 17.Ne4 Qe7 18.Bf4 Rfd8 19.Nxf6 Qxf6 20.Be5 Qg6 21.Qf3 Nd5 22.Rac1 f6
23.Bg3 Rac8 24.Qe2 Qf7 25.Re1 Re8 26.Bd6 Qb7 27.Rc2 Rcd8 28.Bc5 a5 29.Qc4 Kg8
30.Ba3 Rc8 31.Qc5 a4 32.Qd6 Kf7 33.Rc4 Qb5 34.Qd7+ Kg6 35.Rc5 Qd3 36.h3 h5
37.Rxc6 Red8 38.Qb7 Rxc6 39.Qxc6 Nf4 40.Qe4+ Qxe4 41.Rxe4 Kf5 42.f3 h4 43.Bb4 g5
44.Bc3 Rc8 45.Re1 a3 46.Ra1 axb2 47.Bxb2 Rc2 48.Ba3 Rxg2+ 49.Kh1 Rg3 50.Bd6 Rxh3+
51.Kg1 Rxf3 52.a4 Ne2+ 53.Kg2 g4 54.a5 h3+ 55.Kh1 Rf2 56.a6 g3 57.Bxg3 Nxg3+
58.Kg1 Rg2+  0-1

[Event "ch-GBR"]
[Site "Scarborough ENG"]
[Date "2004.08.03"]
[Round "2"]
[White "Surtees,M"]
[Black "Almond,P"]
[Result "1/2-1/2"]
[WhiteElo "2239"]
[BlackElo "2131"]

1.e4 c5 2.c3 Nf6 3.d3 Nc6 4.f4 d6 5.Nf3 Bg4 6.h3 Bxf3 7.Qxf3 e6 8.g4 Qb6
9.Na3 Be7 10.Rh2 O-O 11.g5 Nd7 12.h4 Rad8 13.Nc4 Qc7 14.h5 d5 15.exd5 exd5
16.Ne3 Bxg5 17.Nxd5 Qd6 18.Bg2 Rfe8+ 19.Kf1 Nb6 20.Nxb6 axb6 21.Rh3 Bf6 22.Bd2 Rd7
23.Re1 Rde7 24.Rxe7 Rxe7 25.Qd5 Qxd5 26.Bxd5 h6 27.Re3 Rxe3 28.Bxe3 Kf8 29.Ke2 Ke7
30.Kf3 Nd8 31.b4 Kd6 32.c4 Nc6 33.bxc5+ bxc5 34.Ke4 Nd8 35.f5 b6 36.Bf4+ Kd7
37.Be5 Bxe5 38.Kxe5 Ke7 39.a3 Kd7 40.Be4 Ke7 41.a4 Kd7 42.f6 gxf6+ 43.Kxf6 Kd6
44.Bd5 Ne6 45.Bxe6 fxe6 46.Kg6 Ke5 47.Kxh6 Kf6 48.Kh7 Kf7 49.Kh8 Kf8 50.Kh7 Kf7
51.Kh8 Kf8  1/2-1/2

[Event "Open Dutch Champ"]
[Site "Dieren NED"]
[Date "2004.08.04"]
[Round "8"]
[White "Van der Werf,M"]
[Black "Van der Elburg,F"]
[Result "1/2-1/2"]
[WhiteElo "2418"]
[BlackElo "2223"]

1.e4 c5 2.c3 Nf6 3.e5 Nd5 4.d4 cxd4 5.Nf3 e6 6.cxd4 b6 7.Nc3 Nxc3 8.bxc3 Qc7
9.Be2 d6 10.O-O Nc6 11.Bf4 Bb7 12.Re1 dxe5 13.Bxe5 Nxe5 14.Nxe5 Bd6 15.Bb5+ Kf8
16.Qh5 Bxe5 17.dxe5 a6 18.Bf1 h6 19.Rab1 g6 20.Qh4 Qe7 21.Qxe7+ Kxe7 22.Rxb6 Bc8
23.Rd1 Rd8 24.Rxd8 Kxd8 25.Bd3 Ra7 26.Rd6+ Ke7 27.Kf1 Rc7 28.Bxa6 Bxa6+ 29.Rxa6 Rxc3
30.Ra5 Rc2 31.g4 g5 32.Kg2 Kf8 33.Kg3 Kg7 34.h3 Rc3+ 35.Kg2 Rc2 36.Kg3 Rc3+
37.f3 Rc2 38.Ra3 Kg6 39.f4 gxf4+ 40.Kxf4 Rf2+ 41.Ke3 Rh2 42.Kd4 Rd2+ 43.Kc4 Rc2+
44.Kb4 Re2 45.Ra8 Rxe5 46.Rc8 h5 47.a4 hxg4 48.hxg4 f5 49.gxf5+ exf5 50.a5 Re1
51.Rc3 f4 52.a6 Ra1 53.Ra3 Rxa3 54.Kxa3  1/2-1/2

[Event "Open"]
[Site "Kavala GRE"]
[Date "2004.08.04"]
[Round "6"]
[White "Skiadopoulos,N"]
[Black "Dembo,Y"]
[Result "1/2-1/2"]
[WhiteElo "2233"]
[BlackElo "2423"]

1.e4 c5 2.c3 Nf6 3.e5 Nd5 4.d4 cxd4 5.Nf3 Nc6 6.Bc4 e6 7.Bxd5 exd5 8.O-O Be7
9.cxd4 d6 10.h3 O-O 11.Nc3 Be6 12.Bf4 dxe5 13.Nxe5 Rc8 14.Re1 Bf6 15.Qd2 Ne7
16.Ng4 Bxg4 17.hxg4 Ng6 18.Be3 Qd7 19.Qe2 Rc4 20.Rad1 b5 21.Qf3 Rd8 22.g5 Be7
23.g3 Bb4 24.Rd3 Nf8 25.Kg2 Bxc3 26.bxc3 Re8 27.Bd2 Rxe1 28.Bxe1 Rc6 29.Re3 Re6
30.Bd2 Ng6 31.Qf5 Ne7 32.Qg4 Nc8 33.Re5 Nb6 34.Bf4 Nc4 35.Re1 Qe8 36.Be5 Qc6
37.f4 Nxe5 38.Rxe5 Rxe5 39.fxe5 Kf8 40.Qf3 Ke7 41.Qd3 a6 42.Qxh7 Qxc3 43.Qxg7  1/2-1/2

[Event "Open Dutch Champ"]
[Site "Dieren NED"]
[Date "2004.08.05"]
[Round "9"]
[White "Van Oosterom,C"]
[Black "Van der Weide,K"]
[Result "0-1"]
[WhiteElo "2192"]
[BlackElo "2471"]

1.e4 c5 2.c3 Nf6 3.e5 Nd5 4.Nf3 e6 5.Bc4 d6 6.d4 cxd4 7.cxd4 Nd7 8.O-O N7b6
9.Bb3 Bd7 10.Re1 Bc6 11.Nbd2 Nb4 12.Ne4 Bxe4 13.Rxe4 d5 14.Re1 Qd7 15.a3 Nc6
16.Qd3 O-O-O 17.Bd2 Kb8 18.Rac1 Rc8 19.Rc2 Be7 20.Rec1 f5 21.Qe2 h6 22.Qb5 g5
23.a4 g4 24.a5 Nc4 25.Bxc4 a6 26.Qa4 dxc4 27.Ne1 Qxd4 28.Qxc4 Qxc4 29.Rxc4 Bg5
30.Bxg5 hxg5 31.Nd3 Nxa5 32.Rxc8+ Rxc8 33.Rxc8+ Kxc8 34.Nc5 Nc4 35.b4 Nxe5
36.Nxe6 Nd3 37.Nxg5 Nxb4 38.h4 gxh3 39.gxh3 Kd7 40.Nf3 Nc6 41.Kf1 Ke6 42.Ke2 b5
43.Kd2 a5 44.Kc3 a4 45.Nd2 Ke5 46.Nf3+ Kf4 47.Nd2 Kg5 48.Nf3+ Kh5 49.Kd3 Nb4+
50.Kc3 Nd5+ 51.Kb2 b4 52.Nd4 f4 53.Nf3 Nc3 54.Nd4 Nd1+ 55.Kc2 Nxf2  0-1

[Event "Open"]
[Site "Kavala GRE"]
[Date "2004.08.05"]
[Round "7"]
[White "Mihailidis,A"]
[Black "Timoshenko,G"]
[Result "1/2-1/2"]
[WhiteElo "2264"]
[BlackElo "2536"]

1.e4 c5 2.c3 Nf6 3.e5 Nd5 4.d4 cxd4 5.Nf3 Nc6 6.Bc4 Nb6 7.Bb3 d5 8.exd6 Qxd6
9.O-O Be6 10.Na3 dxc3 11.Qe2 Bxb3 12.Nb5 Qb8 13.axb3 g6 14.Be3 Nc8 15.Ra4 Bg7
16.Bf4 e5 17.Nxe5 Nxe5 18.Bxe5 Bxe5 19.f4 O-O 20.fxe5 cxb2 21.Re4 a6 22.Nd4 Ne7
23.Qxb2 Qc7 24.Qf2 Rad8 25.h4 Nc6 26.Nxc6 Qxc6 27.Rf4 Qd5 28.h5 Rd7 29.hxg6 hxg6
30.Rf6 Qxe5 31.Rxg6+ fxg6 32.Qxf8+ Kh7 33.Rf7+ Rxf7 34.Qxf7+ Qg7 35.Qc4 Qd7
36.Qc3 Qd5 37.b4 g5 38.Qf6 Qd1+ 39.Kh2 Qh5+ 40.Kg1 Qg6 41.Qe7+ Qg7 42.Qe4+ Kh6
43.Qe6+ Qg6 44.Qh3+ Kg7 45.Qd7+ Qf7 46.Qd4+ Kg6 47.Qd6+ Qf6 48.Qd3+ Kh6 49.Qh3+ Kg7
50.Qd7+ Qf7 51.Qd4+ Kh6 52.Qd6+ Kh7 53.Qd3+ Kg7  1/2-1/2

[Event "Open"]
[Site "Davos SUI"]
[Date "2004.08.06"]
[Round "7"]
[White "Blauert,J"]
[Black "Maurer,F"]
[Result "1-0"]
[WhiteElo "2356"]
[BlackElo "2096"]

1.e4 c5 2.c3 Nf6 3.e5 Nd5 4.d4 cxd4 5.Nf3 Nc6 6.Bc4 Nb6 7.Bb3 g6 8.Ng5 d5
9.exd6 e6 10.Qf3 Ne5 11.Qg3 Bg7 12.O-O O-O 13.cxd4 Nc6 14.Rd1 Na5 15.Bc2 Nac4
16.b3 Nxd6 17.Ba3 Nb5 18.Bxf8 Qxf8 19.Nf3 Nd5 20.Be4 Nf6 21.Nbd2 Nh5 22.Qg5 Nc3
23.Re1 f5 24.Bc2 Bf6 25.Qe3 Nd5 26.Qe2 Bd7 27.Nc4 Nhf4 28.Qd2 Re8 29.Nce5 Bc8
30.Nd3 g5 31.Nxf4 Nxf4 32.b4 Rd8 33.Bb3 Nd5 34.Nxg5  1-0

[Event "FSGM August"]
[Site "Budapest HUN"]
[Date "2004.08.07"]
[Round "1"]
[White "Kristjansson,St"]
[Black "Rupprecht,A"]
[Result "1-0"]
[WhiteElo "2410"]
[BlackElo "2329"]

1.e4 c5 2.c3 Nf6 3.e5 Nd5 4.d4 cxd4 5.Qxd4 e6 6.Nf3 Nc6 7.Qe4 f5 8.Qe2 Qc7
9.g3 b5 10.Bg2 a5 11.O-O Ba6 12.Re1 b4 13.c4 Bc5 14.b3 O-O 15.Qc2 Nde7 16.Nbd2 Ng6
17.Bb2 Bb7 18.Rad1 Ra7 19.h4 Nge7 20.Re2 Nc8 21.Qd3 h6 22.h5 Nb6 23.Nh4 Ne7
24.Bxb7 Rxb7 25.Ndf3 Qd8 26.Nd4 Qe8 27.Qf3 Rb8 28.Nb5 g5 29.hxg6 Nxg6 30.Nxg6 Qxg6
31.Bd4 Bxd4 32.Rxd4 a4 33.Nc7 axb3 34.axb3 Rfc8 35.Na6 Ra8 36.Nxb4 Ra1+ 37.Kg2 Qg5
38.Red2 Rc7 39.Rd1 Rxd1 40.Qxd1 Qe7 41.Nd3 Qe8 42.Nf4  1-0

[Event "ch-GBR"]
[Site "Scarborough ENG"]
[Date "2004.08.11"]
[Round "9"]
[White "Howell,D"]
[Black "Radovanovic,J"]
[Result "1/2-1/2"]
[WhiteElo "2334"]
[BlackElo "2205"]

1.e4 c5 2.c3 Nf6 3.e5 Nd5 4.d4 cxd4 5.Nf3 Nc6 6.cxd4 d6 7.Bc4 Nb6 8.Bb5 dxe5
9.Nxe5 Bd7 10.Nxd7 Qxd7 11.Nc3 e6 12.O-O Be7 13.Qg4 O-O 14.Bxc6 bxc6 15.Bh6 Bf6
16.Rfd1 Kh8 17.Ne4 Qe7 18.Bg5 Bxg5 19.Qxg5 Qxg5 20.Nxg5 Nd5 21.Rac1 Ne7 22.Rc5 a5
23.Kf1 Kg8 24.Ke2 Rab8 25.Rd2 Rb6 26.Kd1 h6 27.Nf3 f6 28.Kc1 Kf7 29.Rdc2 Rb5
30.Nd2 Rd8 31.R2c4 Rxd4 32.Rxb5 Rxc4+ 33.Nxc4 cxb5 34.Nd6+ Kg6 35.Nxb5 Kf5
36.Nd6+ Kf4 37.Kc2 g5 38.Kb3 Ke5 39.Nf7+ Kd4 40.Kc2 h5 41.Nd8 e5 42.Kd2 e4
43.b3 h4 44.h3 Kd5 45.a3 Ng6 46.Ke2 Ne5 47.Ke3 f5 48.Kd2 f4 49.Ke2 Nc6 50.Nxc6 Kxc6
51.f3 e3 52.Kd3 Kd5 53.Kc3 Kd6 54.Kc2 Kd7 55.Kd3 Kd8 56.Kc2 Kc8 57.Kd3 Kb7
58.Kc2 Ka6 59.Kc3 Kb5 60.Kd3 Kc5 61.Kc3 Kd5 62.Kd3 Kc5 63.Kc3 Kd5 64.Kd3 Kc5
65.Kc3  1/2-1/2

[Event "ch-GBR"]
[Site "Scarborough ENG"]
[Date "2004.08.11"]
[Round "9"]
[White "Emms,J"]
[Black "Ward,C"]
[Result "1-0"]
[WhiteElo "2508"]
[BlackElo "2490"]

1.e4 c5 2.c3 Nf6 3.e5 Nd5 4.Nf3 Nb6 5.d4 cxd4 6.Qxd4 Nc6 7.Qe4 d5 8.exd6 Qxd6
9.Na3 f5 10.Qe2 g6 11.Nb5 Qb8 12.h4 Bg7 13.h5 a6 14.Nbd4 Nxd4 15.Nxd4 Qe5
16.Qxe5 Bxe5 17.Nf3 Bf6 18.Bg5 O-O 19.hxg6 hxg6 20.O-O-O Be6 21.Bxf6 Rxf6
22.b3 Kg7 23.c4 Rc8 24.Kb2 Bg8 25.Ne5 Rd6 26.Be2 Rcd8 27.f4 Nd7 28.Rxd6 exd6
29.Nxd7 Rxd7 30.Bf3 Kf6 31.Rd1 b6 32.Kc3 Be6 33.a3 Bf7 34.b4 Ke7 35.Kd4 Rc7
36.Bd5 b5 37.Re1+ Kf6 38.Rc1 Bxd5 39.Kxd5 Re7 40.c5 dxc5 41.bxc5 Re3 42.c6 Ke7
43.c7 Rd3+ 44.Kc6  1-0

[Event "HZ Open"]
[Site "Vlissingen NED"]
[Date "2004.08.11"]
[Round "6"]
[White "Gosman,T"]
[Black "Van Beek,A"]
[Result "1-0"]
[WhiteElo "2125"]
[BlackElo "2255"]

1.e4 c5 2.c3 Nf6 3.e5 Nd5 4.Bc4 Nb6 5.Bb3 c4 6.Bc2 Nc6 7.Nf3 d6 8.exd6 Qxd6
9.O-O Bg4 10.Re1 O-O-O 11.Qe2 g6 12.b3 Bxf3 13.Qxf3 Ne5 14.Qh3+ e6 15.bxc4 Nd3
16.c5 Nxe1 17.cxd6 Nxc2 18.d4 Bxd6 19.Bb2 Kb8 20.Nd2 Nxa1 21.Bxa1 Rc8 22.Qf3 Rc7
23.g3 Rhc8 24.Kg2 f5 25.Qe2 Re7 26.f4 Ka8 27.c4 Bb4 28.c5 Bxd2 29.cxb6 Bb4
30.Qb5 Bd6 31.Qa5 Bb8 32.Bc3 Rd7 33.Qa3 Rc6 34.d5 Rxd5 35.Be5 Rc2+ 36.Kh3 Rc6
37.Bxb8 Kxb8 38.Qf8+ Rc8 39.bxa7+ Kxa7 40.Qxc8 e5 41.Qc4 Ra5 42.fxe5  1-0